| 000 | 00639nam a2200193Ia 4500 | ||
|---|---|---|---|
| 001 | 3260 | ||
| 003 | GE_BSU | ||
| 008 | 181216s||||||||xx |||||||||||||| ||und|| | ||
| 040 | _cGE_BSU | ||
| 080 | _a53+62(03) | ||
| 245 | _aКраткий физико-технический справочник. Том первый: математика, физика. | ||
| 245 | _cПод общей редакцией К.П.Яковлева. | ||
| 260 | _aМ. | ||
| 260 | _bФизматгиз. | ||
| 260 | _c1960. | ||
| 300 | _a446 стр. 17 см. | ||
| 653 | _aКраткий физико-технический справочник. | ||
| 942 | _cBK | ||
| 999 |
_c37301 _d37301 |
||